00314pab a2200121 454500008004000000100001700040245007300057260000900130300001300139362000800152650001400160773001800174180718b2000 xxu||||| |||| 00| 0 eng d aChadda, Maya aEthnicity, state and nation: differing perspectives (a review essay) c2000 ap.98-109 aJul aEthnicity aWorld Affairs